000 00391nam a22001337a 4500
040 _cWesley McLinney
082 _a005.133
_bM4788 P
100 _aMcKinney, Wes
_9126389
245 _aPython for Data Analysis
_bData Wrangling with pandas, Numpy & Jupyter 3rd Edition
250 _a3rd ed.
260 _aSebastopol
_bWesley McLinney
_c2022
300 _axvi, 561p.
_c27cm.
942 _2ddc
_cREF
999 _c617376
_d617376